000 00361nam a2200169Ia 4500
100 _aKeat/Paul G/ Young/Philip K.Y
650 _aEconomics
250 _a6
942 _cBK
366 _f25
245 _aManagerial Economics
260 _bPearson Education
_c2011
082 _a685.5
_bKEA
300 _a551
546 _aENGLISH
_cInfo.Tech
999 _c32731
_d32731